[Event "FIN-chT2 Gp3 1617"]
[Site "Finland"]
[Date "2017.01.14"]
[Round "5.1"]
[White "Innala, Heikki Pekka"]
[Black "Ertbjerg, Per"]
[Result "1-0"]
[WhiteElo "2247"]
[BlackElo "1899"]
[PlyCount "75"]
[EventDate "2016.09.17"]
[EventType "team-tourn"]
[EventRounds "6"]
[EventCountry "FIN"]
[SourceTitle "EXT 2019"]
[Source "ChessBase"]
[SourceDate "2018.10.10"]
[SourceVersion "1"]
[SourceVersionDate "2018.10.10"]
[SourceQuality "1"]
[WhiteTeam "Akaa"]
[BlackTeam "Helsinki I-HSK II"]
[WhiteTeamCountry "FIN"]
[BlackTeamCountry "FIN"]

1. e4 c5 2. Nf3 Nc6 3. d4 cxd4 4. Nxd4 Nf6 5. Nc3 d6 6. Bg5 e6 7. Qd2 Be7 8. 0-0-0 0-0 9. f3 a6 10. h4 Qc7 11. g4 Bd7 12. Be3 Nxd4 13. Bxd4 Bc6 14. g5 Nd7 15. h5 b5 16. g6 h6 17. Bh3 f5 18. Be3 b4 19. Ne2 Ne5 20. Nd4 Nc4 21. Qe2 Bb5 22. b3 Nxe3 23. Qxe3 Rac8 24. Rd2 Qa5 25. Kb1 Rc3 26. Qe1 Bg5 27. Rg2 Bd7 28. exf5 exf5 29. Rxg5 hxg5 30. Qe7 Qe5 31. Qxd7 Qxd4 32. Bxf5 Rxf3 33. Qe6+ Kh8 34. h6 Rf1+ 35. Rxf1 gxh6 36. Rh1 Qg7 37. Bd3 Rd8 38. Qh3 1-0

[Event "FIN-chT2 Gp3 1617"]
[Site "Finland"]
[Date "2016.10.09"]
[Round "3.1"]
[White "Innala, Heikki Pekka"]
[Black "Helenius, Martti"]
[Result "1/2-1/2"]
[WhiteElo "2247"]
[BlackElo "2245"]
[PlyCount "71"]
[EventDate "2016.09.17"]
[EventType "team-tourn"]
[EventRounds "6"]
[EventCountry "FIN"]
[SourceTitle "EXT 2019"]
[Source "ChessBase"]
[SourceDate "2018.10.10"]
[SourceVersion "1"]
[SourceVersionDate "2018.10.10"]
[SourceQuality "1"]
[WhiteTeam "Akaa"]
[BlackTeam "Hameenlinna"]
[WhiteTeamCountry "FIN"]
[BlackTeamCountry "FIN"]

1. e4 e5 2. Nf3 Nc6 3. Bb5 a6 4. Ba4 Nf6 5. 0-0 Nxe4 6. d4 b5 7. Bb3 d5 8. dxe5 Be6 9. Nbd2 Nc5 10. c3 Be7 11. Bc2 Bg4 12. Re1 Qd7 13. Nf1 Rd8 14. Ng3 d4 15. cxd4 Bxf3 16. gxf3 Nxd4 17. Be3 Nce6 18. Be4 0-0 19. f4 f5 20. exf6 Bxf6 21. Nh5 Nc5 22. Bg2 Nd3 23. Nxf6+ Rxf6 24. Bxd4 Qxd4 25. Qb3+ Kh8 26. Rad1 Qxf2+ 27. Kh1 Rfd6 28. Rf1 Qd4 29. Rd2 c5 30. Qf7 c4 31. Re2 h6 32. Re8+ Rxe8 33. Qxe8+ Kh7 34. Be4+ g6 35. Qe7+ Kg8 36. Qe8+ 1/2-1/2

[Event "FIN-chT2 Gp3 1617"]
[Site "Finland"]
[Date "2016.10.08"]
[Round "2.1"]
[White "Haapanen, Aapo"]
[Black "Innala, Heikki Pekka"]
[Result "1/2-1/2"]
[WhiteElo "2032"]
[BlackElo "2247"]
[PlyCount "111"]
[EventDate "2016.09.17"]
[EventType "team-tourn"]
[EventRounds "6"]
[EventCountry "FIN"]
[SourceTitle "EXT 2019"]
[Source "ChessBase"]
[SourceDate "2018.10.10"]
[SourceVersion "1"]
[SourceVersionDate "2018.10.10"]
[SourceQuality "1"]
[WhiteTeam "Tampere Moukat"]
[BlackTeam "Akaa"]
[WhiteTeamCountry "FIN"]
[BlackTeamCountry "FIN"]

1. d4 f5 2. Nf3 Nf6 3. Bf4 g6 4. e3 Bg7 5. Bd3 0-0 6. h3 d6 7. Nbd2 Qe8 8. c3 Nh5 9. Bh2 e5 10. dxe5 dxe5 11. Bc4+ Kh8 12. Qb3 h6 13. 0-0-0 Nc6 14. Bb5 e4 15. Nd4 Nxd4 16. cxd4 c6 17. Be2 b5 18. g4 fxg4 19. hxg4 Rxf2 20. gxh5 Rxe2 21. hxg6 Qxg6 22. Rdg1 Rg2 23. Qd1 Kh7 24. Qf1 Bh3 25. Qf4 Rf8 26. Qxe4 Qxe4 27. Nxe4 Re8 28. Be5 Bxe5 29. Ng5+ Rxg5 30. Rxg5 hxg5 31. Rxh3+ Kg6 32. dxe5 Rxe5 33. Kd2 Re8 34. Rf3 c5 35. Rf2 Re5 36. Kd3 g4 37. e4 Kg5 38. Ke3 a5 39. Rf8 a4 40. Rg8+ Kh5 41. Kf4 Re7 42. Rg5+ Kh6 43. Rxg4 Rf7+ 44. Ke3 Re7 45. Rg2 Re8 46. Kf4 b4 47. Kf5 Rf8+ 48. Ke5 Rd8 49. Kf6 Rd6+ 50. Ke7 Rd3 51. e5 c4 52. Rg4 Rd2 53. Rxc4 Rxb2 54. a3 bxa3 55. Rxa4 Re2 56. Rxa3 1/2-1/2

[Event "FIN-chT 0102"]
[Site "Finland"]
[Date "2001.11.17"]
[Round "4.4"]
[White "Mertanen, Janne"]
[Black "Innala, Heikki Pekka"]
[Result "1/2-1/2"]
[WhiteElo "2193"]
[BlackElo "2230"]
[PlyCount "52"]
[EventDate "2001.09.21"]
[EventType "team-tourn"]
[EventRounds "9"]
[EventCountry "FIN"]
[SourceTitle "EXT 2022"]
[Source "ChessBase"]
[SourceDate "2021.10.06"]
[SourceVersion "1"]
[SourceVersionDate "2021.10.06"]
[SourceQuality "1"]
[WhiteTeam "Tampere Taraus"]
[BlackTeam "Helsinki Gaia"]
[WhiteTeamCountry "FIN"]
[BlackTeamCountry "FIN"]

1. d4 Nf6 2. c4 c5 3. d5 e6 4. Nc3 exd5 5. cxd5 d6 6. e4 g6 7. f4 Bg7 8. Bb5+ Nfd7 9. a4 0-0 10. Nf3 Na6 11. 0-0 Nc7 12. Bc4 Nb6 13. Ba2 Bg4 14. h3 Bxf3 15. Qxf3 Nd7 16. e5 dxe5 17. f5 Ne8 18. Ne4 Qb6 19. d6 c4+ 20. Be3 Qa6 21. Rac1 Rc8 22. b4 Nxd6 23. f6 Bh8 24. b5 Nxb5 25. axb5 Qxa2 26. Ra1 Qb2 1/2-1/2

[Event "FIN-chT 0001"]
[Site "Finland"]
[Date "2001.07.10"]
[Round "7.2"]
[White "Innala, Heikki Pekka"]
[Black "Kiik, Kalle"]
[Result "1/2-1/2"]
[WhiteElo "2235"]
[BlackElo "2450"]
[PlyCount "111"]
[EventDate "2000.11.07"]
[EventType "team-tourn"]
[EventRounds "9"]
[EventCountry "FIN"]
[SourceTitle "EXT 2022"]
[Source "ChessBase"]
[SourceDate "2021.10.06"]
[SourceVersion "1"]
[SourceVersionDate "2021.10.06"]
[SourceQuality "1"]
[WhiteTeam "Helsinki Gaia"]
[BlackTeam "Joensuu SK"]
[WhiteTeamCountry "FIN"]
[BlackTeamCountry "FIN"]

1. e4 c5 2. Nf3 e6 3. d4 cxd4 4. Nxd4 a6 5. Bd3 Bc5 6. Nb3 Be7 7. c4 d6 8. 0-0 Nf6 9. Nc3 Qc7 10. Bf4 b6 11. Rc1 Nbd7 12. Nd2 Ne5 13. Bb1 Bb7 14. h3 Nfd7 15. Be3 g5 16. g3 Rg8 17. Na4 g4 18. h4 Bc6 19. Nc3 Qd8 20. Kg2 Rc8 21. Qe2 Bb7 22. Rfd1 h5 23. a3 Ng6 24. Rh1 Bf6 25. Rh2 Be5 26. Kf1 Rh8 27. Ba2 Kf8 28. Bb1 Kg7 29. Bd3 Qe7 30. Bb1 Rcf8 31. Nb3 Bxc3 32. Rxc3 e5 33. Rc1 Nc5 34. Nd2 a5 35. b4 axb4 36. axb4 Nd7 37. Qd3 Ra8 38. Rd1 Ra4 39. Bc2 Ra2 40. Nb3 Rha8 41. Bb1 R2a3 42. Bc1 R3a4 43. Qd2 Nf6 44. Re1 Qe6 45. Bd3 Kg8 46. Kg1 b5 47. Na5 R8xa5 48. bxa5 bxc4 49. Bc2 Ra2 50. Qc3 Qc8 51. Bb1 Ra4 52. Bc2 Ra2 53. Bg5 Ne8 54. Bb1 Ra4 55. Bc2 Ra2 56. Bb1 1/2-1/2

[Event "FIN-chT 0001"]
[Site "Finland"]
[Date "2001.01.13"]
[Round "6.2"]
[White "Penttinen, Jarkko"]
[Black "Innala, Heikki Pekka"]
[Result "1-0"]
[WhiteElo "2365"]
[BlackElo "2235"]
[PlyCount "73"]
[EventDate "2000.11.07"]
[EventType "team-tourn"]
[EventRounds "9"]
[EventCountry "FIN"]
[SourceTitle "EXT 2022"]
[Source "ChessBase"]
[SourceDate "2021.10.06"]
[SourceVersion "1"]
[SourceVersionDate "2021.10.06"]
[SourceQuality "1"]
[WhiteTeam "Tampere Taraus"]
[BlackTeam "Helsinki Gaia"]
[WhiteTeamCountry "FIN"]
[BlackTeamCountry "FIN"]

1. e4 c5 2. Nf3 Nc6 3. Bb5 Nf6 4. Nc3 g6 5. 0-0 Bg7 6. Re1 0-0 7. e5 Ng4 8. Bxc6 dxc6 9. d3 Nh6 10. Ne4 b6 11. a4 a5 12. Bf4 Nf5 13. Qd2 Nd4 14. Nxd4 cxd4 15. Bh6 c5 16. Qf4 Ra7 17. Re2 Bb7 18. b3 Bc6 19. Qh4 f6 20. Bxg7 Kxg7 21. Rae1 Qd5 22. exf6+ exf6 23. f3 Rff7 24. Qg3 Rad7 25. Qb8 Rb7 26. Qf4 Rbd7 27. Nd2 b5 28. Re6 Rd8 29. axb5 Bxb5 30. Rb6 Bc6 31. Ra6 Ra8 32. Rxa8 Bxa8 33. Nc4 g5 34. Qb8 g4 35. Re8 Rf8 36. Rxf8 Qe6 37. Re8 1-0

[Event "FIN-chT1A 9899"]
[Site "Finland"]
[Date "1999.??.??"]
[Round "7.2"]
[White "Innala, Heikki Pekka"]
[Black "Helin, Tapio"]
[Result "1-0"]
[WhiteElo "2235"]
[BlackElo "2050"]
[PlyCount "53"]
[EventDate "1998.??.??"]
[EventType "team-tourn"]
[EventRounds "9"]
[EventCountry "FIN"]
[SourceTitle "EXT 2022"]
[Source "ChessBase"]
[SourceDate "2021.10.06"]
[SourceVersion "1"]
[SourceVersionDate "2021.10.06"]
[SourceQuality "1"]
[WhiteTeam "Helsinki Garde II"]
[BlackTeam "Hyvinkaa SK"]
[WhiteTeamCountry "FIN"]
[BlackTeamCountry "FIN"]

1. e4 c5 2. Nf3 e6 3. d4 cxd4 4. Nxd4 Nc6 5. Nc3 Qc7 6. f4 a6 7. Nxc6 Qxc6 8. Bd3 Nf6 9. Qe2 Bb4 10. Bd2 d6 11. 0-0-0 Qc7 12. Kb1 Bc5 13. g4 b5 14. g5 Nd7 15. Rde1 Bb7 16. Nd5 Qd8 17. Bc3 Kf8 18. Ne3 Nb6 19. Qh5 Rg8 20. Qxh7 b4 21. Bd2 Na4 22. f5 e5 23. g6 Nxb2 24. Kxb2 Bd4+ 25. Kb1 Qa5 26. gxf7 Kxf7 27. Qg6+ 1-0

[Event "FIN-ch"]
[Site "Helsinki"]
[Date "1997.??.??"]
[Round "8"]
[White "Innala, Heikki Pekka"]
[Black "Kytoniemi, Jyrki"]
[Result "1-0"]
[WhiteElo "2310"]
[BlackElo "2205"]
[PlyCount "47"]
[EventDate "1997.??.??"]
[EventType "swiss"]
[EventRounds "9"]
[EventCountry "FIN"]
[SourceTitle "EXT 1998"]
[Source "ChessBase"]
[SourceDate "1997.11.17"]
[SourceVersion "1"]
[SourceVersionDate "1997.11.17"]
[SourceQuality "1"]

1. e4 c6 2. d4 d5 3. e5 Bf5 4. Nc3 e6 5. g4 Bg6 6. Nge2 h5 7. Nf4 Ne7 8. Nxg6 Nxg6 9. gxh5 Nh4 10. Qg4 c5 11. dxc5 Nc6 12. Bf4 Nf5 13. 0-0-0 Qa5 14. Kb1 Qxc5 15. Rxd5 exd5 16. Qxf5 Nd4 17. Qg4 Nc6 18. Bh3 Rd8 19. e6 Qe7 20. Re1 d4 21. exf7+ Kxf7 22. Qg6+ Kg8 23. Rxe7 Bxe7 24. Be6+ 1-0

[Event "FIN-ch"]
[Site "Helsinki"]
[Date "1997.??.??"]
[Round "1"]
[White "Kokkila, Tero"]
[Black "Innala, Heikki Pekka"]
[Result "1-0"]
[WhiteElo "2285"]
[BlackElo "2310"]
[PlyCount "135"]
[EventDate "1997.??.??"]
[EventType "swiss"]
[EventRounds "9"]
[EventCountry "FIN"]
[SourceTitle "EXT 1998"]
[Source "ChessBase"]
[SourceDate "1997.11.17"]
[SourceVersion "1"]
[SourceVersionDate "1997.11.17"]
[SourceQuality "1"]

1. e4 c5 2. Nf3 Nc6 3. Bb5 Nf6 4. Nc3 g6 5. 0-0 Bg7 6. Re1 0-0 7. e5 Ng4 8. Bxc6 dxc6 9. d3 b6 10. Bf4 Nh6 11. a4 a5 12. Ne4 Nf5 13. c3 f6 14. h3 Kh8 15. Qd2 g5 16. Bh2 Ra7 17. Rad1 Qd5 18. g4 Nh6 19. c4 Qg8 20. exf6 exf6 21. Nd6 Ba6 22. b3 Rd7 23. d4 cxd4 24. Nxd4 c5 25. Ne6 Ra8 26. Qe3 Bb7 27. Nxb7 Rxb7 28. Qe4 Re7 29. Bd6 Ree8 30. Bc7 Nf7 31. Bxb6 Rab8 32. Bxc5 Rxb3 33. Rd7 Ne5 34. Rxg7 Qxg7 35. Nxg7 Nf3+ 36. Kh1 Rxe4 37. Rxe4 Kxg7 38. Be3 h5 39. Re7+ Kg6 40. gxh5+ Kxh5 41. Rh7+ Kg6 42. Ra7 f5 43. Ra6+ Kf7 44. Kg2 Nh4+ 45. Kf1 f4 46. Bd2 Nf3 47. Bxa5 Nd4 48. Kg2 Nf5 49. Bd8 Nh4+ 50. Kf1 f3 51. Kg1 Nf5 52. Rf6+ Ke8 53. Rxf5 Kxd8 54. Kh2 Rc3 55. Rxg5 Rxc4 56. a5 Ra4 57. Kg3 Ra3 58. h4 Ke7 59. h5 Kf6 60. Rb5 Kg7 61. Kg4 Kh6 62. Rb6+ Kh7 63. a6 Ra4+ 64. Kxf3 Ra5 65. Kg4 Ra2 66. f4 Rg2+ 67. Kf5 Ra2 68. Ke6 1-0

[Event "FIN-chT 9798"]
[Site "Finland"]
[Date "1997.??.??"]
[Round "4"]
[White "Sorri, Kari Juhani"]
[Black "Innala, Heikki Pekka"]
[Result "1/2-1/2"]
[WhiteElo "2305"]
[BlackElo "2310"]
[PlyCount "80"]
[EventDate "1997.??.??"]
[EventType "team"]
[EventRounds "9"]
[EventCountry "FIN"]
[SourceTitle "EXT 2000"]
[Source "ChessBase"]
[SourceDate "1999.11.16"]
[SourceVersion "1"]
[SourceVersionDate "1999.11.16"]
[SourceQuality "1"]

1. e4 c5 2. Nf3 Nc6 3. d4 cxd4 4. Nxd4 e5 5. Nxc6 bxc6 6. Bd3 Nf6 7. Bg5 Rb8 8. b3 d5 9. 0-0 h6 10. Bxf6 Qxf6 11. Nd2 Bc5 12. c4 dxc4 13. Nxc4 0-0 14. Qe2 Bd4 15. Rad1 Rd8 16. Kh1 c5 17. Ne3 Bb7 18. Nf5 Qg5 19. Bc4 g6 20. Rd3 Bxe4 21. Nxh6+ Qxh6 22. Qxe4 Kg7 23. f4 exf4 24. Rxf4 Re8 25. Rxf7+ Kh8 26. Rh3 Qxh3 27. Qxe8+ Rxe8 28. gxh3 a5 29. Ra7 Bc3 30. Kg2 Re3 31. a4 g5 32. Rf7 Bd4 33. Rf5 Re5 34. Rf8+ Kg7 35. Ra8 Bc3 36. Kf3 Bd2 37. Rd8 Bc3 38. Rd7+ Kf6 39. Rd6+ Ke7 40. Rc6 Bd2 1/2-1/2

[Event "FIN-chT 9697"]
[Site "Finland"]
[Date "1996.??.??"]
[Round "4.7"]
[White "Hintikka, Eero"]
[Black "Innala, Heikki Pekka"]
[Result "0-1"]
[WhiteElo "2170"]
[BlackElo "2245"]
[PlyCount "59"]
[EventDate "1996.??.??"]
[EventType "team"]
[EventRounds "9"]
[EventCountry "FIN"]
[SourceTitle "EXT 1999"]
[Source "ChessBase"]
[SourceDate "1998.11.16"]
[SourceVersion "1"]
[SourceVersionDate "1998.11.16"]
[SourceQuality "1"]

1. d4 Nf6 2. Bg5 d5 3. Bxf6 exf6 4. e3 Bd6 5. Bd3 0-0 6. c3 f5 7. Qf3 f4 8. exf4 Re8+ 9. Kd2 c5 10. dxc5 Bxc5 11. Ne2 Qb6 12. Kc2 Bxf2 13. Nd2 Nc6 14. Rad1 Bc5 15. Qh5 g6 16. Qh6 Bg4 17. Rde1 Rac8 18. Kb1 Re3 19. Nc1 Rxd3 20. Nxd3 Bf5 21. Nf3 Bf8 22. Qg5 Bxd3+ 23. Ka1 Qa6 24. Nd2 d4 25. Qd5 dxc3 26. bxc3 Bg7 27. Kb2 Bxc3+ 28. Kxc3 Ne7+ 29. Kd4 Nxd5 30. Kxd5 0-1

[Event "FIN-chT 9596"]
[Site "Finland"]
[Date "1996.??.??"]
[Round "3"]
[White "Innala, Heikki Pekka"]
[Black "Tyni, Jukka Pekka"]
[Result "1-0"]
[WhiteElo "2245"]
[BlackElo "2290"]
[PlyCount "23"]
[EventDate "1995.??.??"]
[EventType "team"]
[EventRounds "11"]
[EventCountry "FIN"]
[SourceTitle "EXT 1998"]
[Source "ChessBase"]
[SourceDate "1997.11.17"]
[SourceVersion "1"]
[SourceVersionDate "1997.11.17"]
[SourceQuality "1"]

1. e4 e5 2. Nf3 Nc6 3. Bb5 Bc5 4. 0-0 Nge7 5. c3 Bb6 6. d4 exd4 7. cxd4 d5 8. exd5 Nxd5 9. Ne5 Nde7 10. d5 Qxd5 11. Nxc6 Qxb5 12. Qd8# 1-0